000 00253nam a2200121Ia 4500
100 _aHoward/Michael
942 _cBK
245 _aWriting secure code
260 _bMicrosoft
_c2003
082 _a5.8
_bHOW
546 _aENGLISH
_cPAMPHALETS
999 _c24709
_d24709